000 00518 a2200193 4500
005 20260213164025.0
008 260213b |||||||| |||| 00| 0 eng d
020 _a9789394384699
_cRs. 1850.00
040 _aMAIN
082 _a355.33
_bS23N
100 _aSharma, Shekhar
245 _aNavigation: A guide and application
260 _bSaddle Publishers
_c2023
_aDelhi
300 _aviii, 252
650 _aMilitary Science
650 _aMilitary Navigation systems
650 _aDefence Studies
942 _cBK
999 _c395455
_d395455